| 000 | 00388nam a22001457a 4500 | ||
|---|---|---|---|
| 999 |
_c8970 _d8970 |
||
| 003 | OSt | ||
| 008 | 200714b ||||| |||| 00| 0 eng d | ||
| 100 | _aArora,Namita,Pankaj | ||
| 245 | _aPractical handbook of Pharmaceutical Analysis | ||
| 250 | _a2019 | ||
| 260 |
_aModi Nagar _bUnnati _c2019 |
||
| 300 | _a170 | ||
| 650 | _aPharmaceutical Analysis and Quality Assurance | ||
| 942 |
_2ddc _cBK |
||